[Event "POL-chT U19 3rd League"]
[Site "Wielkoposka"]
[Date "2011.02.??"]
[Round "8"]
[White "Dziewa, Aleksander"]
[Black "Majas, Piotr"]
[Result "0-1"]
[WhiteElo "1487"]
[BlackElo "1759"]
[PlyCount "70"]
[EventDate "2011.02.26"]
[EventType "team-tourn"]
[EventRounds "9"]
[EventCountry "POL"]
[SourceTitle "EXT 2019"]
[Source "ChessBase"]
[SourceDate "2018.10.10"]
[SourceVersion "1"]
[SourceVersionDate "2018.10.10"]
[SourceQuality "1"]
[WhiteTeam "Konin UKS Smecz U19"]
[BlackTeam "Kalisz KTS U19"]
[WhiteTeamCountry "POL"]
[BlackTeamCountry "POL"]

1. d4 d5 2. c4 e6 3. Nf3 c6 4. Nc3 Nf6 5. e3 Bd6 6. Bd3 0-0 7. 0-0 Nbd7 8. Re1 Qe7 9. e4 dxc4 10. Bxc4 e5 11. d5 Nb6 12. b3 cxd5 13. Nxd5 Nbxd5 14. Bxd5 Nxd5 15. Qxd5 Be6 16. Qd3 Rfd8 17. Qe2 Bb4 18. Bd2 Bxd2 19. Nxd2 Rac8 20. Rac1 Rxc1 21. Rxc1 Qg5 22. Rd1 Bh3 23. f3 Be6 24. Nf1 h6 25. Rxd8+ Qxd8 26. Qe3 Qa5 27. Qe2 b5 28. Ne3 Qb6 29. Qd3 a5 30. Kf1 a4 31. Ke1 axb3 32. axb3 Qa5+ 33. Kf1 Qa1+ 34. Nd1 Kh7 35. b4 Bc4 0-1